|
|
|
|
| LEADER |
01319cam a2200409 i 4500 |
| 001 |
000046422 |
| 003 |
5889 |
| 005 |
20030217155222.0 |
| 008 |
010220|1998 vm 000 eng |
| 020 |
|
|
|a 0070629145
|
| 040 |
|
|
|a IRC
|c IRC
|d IRC
|
| 041 |
0 |
|
|a eng
|
| 082 |
1 |
4 |
|a 693.71
|b TA-B
|
| 100 |
1 |
|
|a Taranath, Bungale S.
|
| 245 |
0 |
0 |
|a Steel, concrete, and composite design of tall buildings /
|c Bungale S. Taranath.
|
| 250 |
|
|
|a 2nd edition.
|
| 260 |
|
|
|a New York :
|b McGraw-Hill,
|c 1998.
|
| 300 |
|
|
|a xxi, 998p. :
|b ill., maps.
|
| 630 |
0 |
4 |
|a Structural engineering.
|
| 630 |
0 |
4 |
|a Building.
|
| 650 |
0 |
4 |
|a Composite construction.
|
| 650 |
0 |
4 |
|a Building, Iron and steel.
|
| 650 |
0 |
4 |
|a Concrete construction.
|
| 650 |
0 |
4 |
|a Structural engineering.
|
| 650 |
0 |
4 |
|a Tall buildings
|x Design and construction.
|
| OWN |
|
|
|a DUT
|
| AVA |
|
|
|a UDN50
|b DUT
|c Book
|d 693.71 TA-B
|e available
|t Error 5001 Not defined in file expand_doc_bib_avail.
|f 1
|g 0
|h N
|i 0
|j SH
|k 1
|
| 999 |
|
|
|a From the UDN01
|
| AVA |
|
|
|a UDN50
|b DUT
|c Book
|d 693.71 TA-B
|e available
|t Error 5001 Not defined in file expand_doc_bib_avail.
|f 1
|g 0
|h N
|i 0
|j SH
|k 1
|
| TYP |
|
|
|a Monograph
|
| TYP |
|
|
|a Printed language
|
| 980 |
|
|
|a Mạng thư viện Đại học Đà Nẵng
|